| 000 | 03883namaa22004211i 4500 | ||
|---|---|---|---|
| 003 | OSt | ||
| 005 | 20260401103535.0 | ||
| 008 | 250827s2025 ua a|||frm||| 000 0 eng d | ||
| 040 |
_aEG-GICUC _bara _cEG-GICUC _dEG-GICUC _erda |
||
| 041 | 0 |
_aara _bara _beng |
|
| 049 | _aإيداع | ||
| 082 | 0 | 4 | _a415.1 |
| 092 |
_a415.1 _221 |
||
| 097 | _aدكتوراه | ||
| 099 | _aCai01.06.07.Ph.D.2025.مص.ق | ||
| 100 | 0 |
_a،مصطفى سعيد أحمد _eإعداد. |
|
| 245 | 1 | 0 |
_aقضايا التحليل التداولــــيّ عند ابن يعيش والــرضيّ / _b _cإعداد مصطفى سعيد أحمد؛ إشراف أ.د/ مصطفى أحمد عبدالعليم، أ.د/ محمد يوسف حبلص. |
| 246 | 1 | 5 | _aIssues of pragmatic analysis at ibn yaish and al-radhi / |
| 264 | 0 | _c2025. | |
| 300 |
_a341 صفحة : _bإيضاحيات ؛ _c30 سم. + _eCD. |
||
| 336 |
_atext _2rda content |
||
| 337 |
_aUnmediated _2rdamedia |
||
| 338 |
_avolume _2rdacarrier |
||
| 502 | _aأطروحة (دكتوراه)-جامعة القاهرة، 2025. | ||
| 504 | _aببليوجرافيا: صفحات 316-335. | ||
| 520 | _aتتناول هذه الرسالة دراسة قضايا الاتجاه التداولي عند عالمين عربيين هما- ابن يعيش صاحب (شرح المفصل) - والرضي الاسترابادي صاحب (شرح الكافية)وذلك لبيان اهتمامهما بتحليل التراكيب العربية تحليلاً يكشف عن المعنى المقصود ويبين مدى التفاعل بين أطراف الحوار في بناء هذا المعنى ومدى التعاون بينهما في إيصال التراكيب إلى مستوى القبول أو الرفض وغير ذلك من القضايا التي تناولتها التداولية.وقد اشتملت الدراسة على مقدمة تناولت أهمية الموضوع والدراسات السابقة عنه، وتعريف بقضايا التداولية، ونبذة مختصرة عن ابن يعيش والرضي، ثم تناولت أربعة فصول القضايا المتفق عليها بين التداولية بالتطبيق على الكتابين المذكورين. | ||
| 520 | _aThis thesis examines the issues of the pragmatic approach of two arab sientests: Ibn Ya'ish, and Al-Radi Al-Astrabadi, in order to demonstrate their interest in analyzing arabic structures in a way that reveals the intended meaning and shows the extent of interaction between the parties to the dialogue in the construction of this meaning and the extent of their cooperation in delivering the structures to the level of acceptance or rejection and other issues dealt with by Pragmatic Theory.The study included an introduction that dealt with the importance of the topic and previous studies on it, a definition of the issues of Pragmatic Theory, a brief overview of Ibn Ya'ish and Al-Radi, then four chapters of the issues agreed upon between pragmatic sientests by applying them to the aforementioned books | ||
| 530 | _aصدر أيضًا كقرص مدمج. | ||
| 546 | _aالنص بالعربية والملخص باللغة الإنجليزية والعربية. | ||
| 650 | 7 |
_aاللغة العربية _2qrmak _xالنحو |
|
| 653 | 0 |
_aالتداولية _aابن يعيش _aالرضي الأستراباذي |
|
| 700 | 0 |
_aمصطفى أحمد عبدالعليم _eمشرف أطروحة. |
|
| 700 | 0 |
_aمحمد يوسف حبلص _eمشرف أطروحة. |
|
| 900 |
_b23-01-2025 _cمصطفى أحمد عبدالعليم _cمحمد يوسف حبلص _dيوسف أحمد جاد الرب _dراشد جراري _Uجامعة القاهرة _Fكلية دار العلوم _Dقسم النحو والصرف والعروض |
||
| 905 |
_aSara _eAfaf |
||
| 942 |
_2ddc _cTH _e21 _n0 |
||
| 999 | _c178838 | ||